|
|
|
|
| LEADER |
00672nam a22002292a 4500 |
| 001 |
000861675 |
| 003 |
CZ BrMZK |
| 005 |
20070814160116.0 |
| 007 |
ta |
| 008 |
070814s1990 xo er|||||||||||slo d |
| 040 |
|
|
|a BOA001
|b cze
|
| 100 |
1 |
|
|a Lenko, Július,
|d 1914-2000
|7 jo20000074078
|4 aut
|
| 245 |
1 |
0 |
|a Stužková slávnosť /
|c Július Lenko
|
| 250 |
|
|
|a 3. vyd.
|
| 260 |
|
|
|a Bratislava :
|b Slovenský spisovateľ,
|c 1990
|
| 300 |
|
|
|a 102 s.
|
| 490 |
1 |
|
|a Zlatá jabloň ;
|v 27
|
| 830 |
|
0 |
|a Zlatá jabloň
|
| 910 |
|
|
|a BOA001
|b 1-0957.790
|
| 990 |
|
|
|a BK
|
| 991 |
|
|
|b 200708
|
| 996 |
7 |
|
|b 2619606389
|c 1-0957.790
|l MZK
|r Sklad / do 1 hodiny
|n 0
|w 000861675
|u 000010
|a 1
|e BOA001
|j MZK50
|s A
|